000 00494nam a2200181Ia 4500
008 090124s9999 xx 000 0 und d
082 _b127565
100 _aबेडेकर विश्राम
245 _a रणांगण
250 _a8
260 _c1994
300 _a121+4
600 _aबेडेकर विश्राम
630 _a रणांगण
700 _aबेडेकर विश्राम
730 _a रणांगण
942 _cBOOK
999 _c173654
_d173654